000 011690000a22003010004500
001 52118
010 _a978-972-708-988-8
021 _aPT
_b267654/07
100 _a20151203d2015 k y0pory5003 ba
101 0 _apor
102 _aPT
200 1 _aA viúva e o papagaio
_euma história verídica
_fVirginia Woolf
_gil. Anisabel Sá Fernandes
_gtrad. Manuel Alberto
210 _aPorto
_cPorto Editora
_d2013
215 _a38, [3] p.
_cil.
225 2 _aUniversos mágicos
304 _aTítulo original: The widow and the Parrot: A true story
606 _92120
_aLiteratura inglesa -- Literatura juvenil
_xConto
675 _a821.111-34
_vBN
_zpor
700 1 _948081
_aWoolf
_bVirgínia
_f1882-1941
702 1 _919078
_4440
_aFernandes
_bAnisabel Sá
702 _96300
_4730
_aAlberto
_bManuel
801 _aPT
_c20151203
856 _uhttps://pt.wikipedia.org/wiki/Virginia_Woolf
_zMais informação
859 _uhttps://d.gr-assets.com/books/1388957554l/20446475.jpg
_zCapa
090 _a52118
942 _cMON
_n0
999 _a52118